000 01090nam a2200277 a 4500
001 BRCA_3921
005 20190320204457.0
008 100110s1942----mx-a######---#000-0#eng-#
041 _aeng
044 _amx
050 4 _aF1230
_b.D53 1942
100 1 _aDiaz del Castillo, Bernal
_d1492-1581.
_910195
245 1 0 _aThe Discovery and conquest of Mexico
_b1517-1521
_cedited from the only exact copy of the original manuscript by Genero García ; tr. with introd. and notes by A.P. Maudslay ; il. by Miguel Covarrubias ; with a new introduction by Harry Block.
260 _aMéxico
_bR. Loera y Chávez for the members of the limited Editions Club
_c1942
300 _a263 p.
_bil., col.
_c33 cm.
500 _aFirmado por el impresor, el ilustrador y el editor.
500 _aIncluye índice temático: p. 261-263.
500 _aC71
651 4 _aMéxico
_vHistoria
_yConquista, 1519-1540
_910196
700 1 _aGarcía, Genaro
_910197
700 1 _aBlock, Harry
_910198
700 1 _aCovarrubias, Miguel
_910199
700 1 _aMaudslay, A.P.
_910200
902 _aGFM
942 _2lcc
_cB
999 _c3648
_d3648